000 00459nam a22001697a 4500
020 _a0470235276
020 _a0582230705
082 0 0 _a624.136
_bNEV
_cL-40, P-81
100 1 _aNeville, Adam M.
_936418
245 1 0 _aProperties of concrete /
_cA.M. Neville.
250 _a4th ed.
260 _aNew York :
_bWiley,
_c1995.
300 _axix, 844 p. :
_bill. ;
_c24 cm.
526 _a0
_b0
_c0
_d624_136000000000000_NEV
650 0 _aConcrete.
942 _2ddc
_cBK
999 _c545208
_d545208